| 000 -LEADER |
| fixed length control field |
00432cam a22001337a 4500 |
| 008 - FIXED-LENGTH DATA ELEMENTS--GENERAL INFORMATION |
| fixed length control field |
180718b1989 xxu||||| |||| 00| 0 eng d |
| 082 ## - DEWEY DECIMAL CLASSIFICATION NUMBER |
| Classification number |
B5x54 Sa82 |
| 100 ## - MAIN ENTRY--PERSONAL NAME |
| Personal name |
Sathe, Vasant |
| 245 ## - TITLE STATEMENT |
| Title |
Two swords in one scabbard: a case for presidential form of parliamentary democracy |
| Statement of responsibility, etc. |
by Vasant Sathe |
| 260 ## - PUBLICATION, DISTRIBUTION, ETC. |
| Place of publication, distribution, etc. |
New Delhi |
| Name of publisher, distributor, etc. |
NIB |
| Date of publication, distribution, etc. |
1989 |
| 300 ## - PHYSICAL DESCRIPTION |
| Extent |
xii, 168p |
| 650 ## - SUBJECT ADDED ENTRY--TOPICAL TERM |
| Topical term or geographic name entry element |
Presidents --India --Election. |
| 650 ## - SUBJECT ADDED ENTRY--TOPICAL TERM |
| Topical term or geographic name entry element |
Cabinet system --India |